000 00989nam a2200253 a 4500
001 44899
003 BD-RjUL
005 20211209053932.0
008 160720s1963 I ||||| b||| 001 0 ben d
035 _a(BD-RjUL)45017
040 _aBD-RjUL
_bben
_cBD-RjUL
041 _aben
082 _223
_a891.4414
_bGUN 1963
100 1 _a গুপ্ত, সুশীল কুমার
_9137575
245 1 0 _aনজরুল চরিত মানস /
_cসুশীল কুমার গুপ্ত
250 _aপরিঃ সং.
260 _aকলিকাতা :
_bভারতী লাইব্রেরী,
_c১৯৬৩
300 _a৫৬৪ পৃ. ;
_c১৯ সেমি.
500 _aনির্ঘণ্ট সংযুক্ত
600 _aনজরুল
_9137578
650 _aবাংলা সাহিত্য
_xইতিহাস ও সমালোচনা
_9137577
650 _aBengali literature
_xhistory and criticism
_9117020
942 _2ddc
_cBK
999 _c44899
_d44899